| 000 | 01650nam a22002537a 4500 | ||
|---|---|---|---|
| 005 | 20120120105040.0 | ||
| 010 | _aB-445452-456 | ||
| 020 |
_a9788178240688 _c550.00 |
||
| 035 | _aB-445452-456 | ||
| 037 |
_adpl _bAllied Pub/Ven |
||
| 082 | _a993.007202 | ||
| 100 |
_aMcleod, W.H. _940969 |
||
| 245 |
_aDiscovering the sikhs : _bautobiography of a Historian / _cby W.H.Mcleod |
||
| 260 |
_aDelhi _bPermanent Black _c2004 |
||
| 270 |
_aD-28 Oxford Apartments, 11, I.P.Extension _bDelhi _e110092 |
||
| 300 |
_axii,245p. _bill. _c22cm(Hb) |
||
| 942 |
_2ddc _cEN _mMCL _h993.007202 |
||
| 999 |
_c61283 _d61283 |
||